Colección de oraciones fúnebres, pronunciadas por el Ilmo. Señor Espiritu Flecher, Obispo de Nimes, con un compendio de la vida del autor (Record no. 8424)

MARC details
000 -CABECERA
campo de control de longitud fija 01347nam a2200289 a 4500
001 - NÚMERO DE CONTROL
campo de control BRCA_8773
005 - FECHA Y HORA DE LA ÚLTIMA TRANSACCIÓN
campo de control 20190320210414.0
008 - DATOS DE LONGITUD FIJA--INFORMACIÓN GENERAL
campo de control de longitud fija 310317s1775----sp-#######---#000-0#spa-#
041 ## - CÓDIGO DE LENGUA
Código de lengua del texto/banda sonora o título independiente spa
044 ## - CÓDIGO DEL PAÍS DE LA ENTIDAD EDITORA/PRODUCTORA
Código MARC del país sp
084 ## - OTRO NÚMERO DE CLASIFICACIÓN
Número de clasificación BE137
Número de documento/Ítem .F54 1775
100 1# - ENTRADA PRINCIPAL--NOMBRE DE PERSONA
Nombre de persona Flechier, Espiritu
Fechas asociadas al nombre 1632 - 1710
9 (RLIN) 21855
245 10 - MENCIÓN DE TÍTULO
Título Colección de oraciones fúnebres, pronunciadas por el Ilmo. Señor Espiritu Flecher, Obispo de Nimes, con un compendio de la vida del autor
Mención de responsabilidad, etc. traducidas al castellano por Don Juan de Arribas y Soria, Profesor de Theología en la Universidad de Alcalá, y Opositor à la Cathedra de Lengua Griega en los Reales Estudios de San Isidro.
250 ## - MENCIÓN DE EDICIÓN
Mención de edición 2a ed.
260 ## - PUBLICACIÓN, DISTRIBUCIÓN, ETC.
Lugar de publicación, distribución, etc. Madrid
Nombre del editor, distribuidor, etc. En la Oficina de Antonio Fernández
Fecha de publicación, distribución, etc. 1775
300 ## - DESCRIPCIÓN FÍSICA
Extensión [2], XXII, 249 p. (t.4)
Dimensiones 21 x 14.7 cm.
500 ## - NOTA GENERAL
Nota general Con privilegio
500 ## - NOTA GENERAL
Nota general En portada: Se hallará en Casa de Manuel de Godos, Mercader de libros, en las Gradas de San Felipe el Real
500 ## - NOTA GENERAL
Nota general Estado físico: presenta encuadernación en pergamino
650 14 - PUNTO DE ACCESO ADICIONAL DE MATERIA--TÉRMINO DE MATERIA
Término de materia o nombre geográfico como elemento de entrada Sermones fúnebres
9 (RLIN) 21856
650 14 - PUNTO DE ACCESO ADICIONAL DE MATERIA--TÉRMINO DE MATERIA
Término de materia o nombre geográfico como elemento de entrada Sermones franceses
Subdivisión general Traducciones al español
Subdivisión cronológica Obras anteriores a 1800
9 (RLIN) 21857
700 1# - PUNTO DE ACCESO ADICIONAL--NOMBRE DE PERSONA
Nombre de persona Arribas y Soria, Juan de
Término indicativo de función/relación tr.
9 (RLIN) 21858
700 1# - PUNTO DE ACCESO ADICIONAL--NOMBRE DE PERSONA
Nombre de persona Godos, Manuel de
Término indicativo de función/relación mercader de libros
9 (RLIN) 21859
700 1# - PUNTO DE ACCESO ADICIONAL--NOMBRE DE PERSONA
Nombre de persona Fernández, Antonio
Término indicativo de función/relación Impresor
9 (RLIN) 21860
902 ## - CATALOGADOR
Iniciales CFM
942 ## - ELEMENTOS DE PUNTO DE ACCESO ADICIONAL (KOHA)
Fuente del sistema de clasificación o colocación Library of Congress Classification
Tipo de ítem Koha Libros
Holdings
Estado de retiro Estado de pérdida Estado dañado No para préstamo Localización permanente Ubicación/localización actual Fecha de adquisición Total de préstamos Signatura topográfica completa Código de barras Fecha visto por última vez Precio válido a partir de Tipo de ítem Koha
El ejemplar forma parte de la colección y puede ser consultado según las políticas vigentes.       Biblioteca del Museo Franz Mayer (Rogerio Casas-Alatriste) Biblioteca del Museo Franz Mayer (Rogerio Casas-Alatriste) 31/03/2017   BE137 .F54 1775 CFM00099 22/03/2019 22/03/2019 Libros